00903nab a2200229 uc450000100070000000500170000700800410002403500110006503500210007604000130009704100080011010000480011824501150016665000570028165000350033865000440037370000480041770000490046577301300051494200100064499900190065451429020240201132046.0990824e19980701 spa  a514290 a(OCoLC)819806254 ccomduadb aspa10aSan Martin Ciges, Eduardo4auteaut950046810aCinetica de las reacciones producidas en el analisis inmunoradiometrico, IRMA, de algunos marcadores tumorales aAnálisis inmunorradiométrico específico929849 aBiomarcadores tumorales918580 aReacciones antigeno - Anticuerpo95035110aMoreno Frigols, Jose Luis4auteaut951495810aPeris Ribera, Jose Esteban4auteaut95113660 tAnales de la Real Academia Nacional de Farmacia (Madrid)gVol. 064, No. 03, Jul.-Sep. 1998, p. 513-531w8675x1697-427103423 cARIMP c128002d128002